Orelsan - Chansons les plus écoutées - Statistiques

Statistiques générales
  • Ce quiz a été pris 189 fois
  • Le résultat moyen est 9 sur 20
Statistiques - réponses
Feat Chanson Vues % Correct
2 Stromae La Pluie 83 286 832
93%
1 Basique 109 100 051
87%
3 Damso Rêves Bizarres 62 238 965
76%
6 La Terre Est Ronde 41 818 800
73%
5 La Quête 46 292 022
66%
8 Défaite de Famille 36 514 791
57%
4 Tout Va Bien 50 300 576
46%
12 Jour Meilleur 28 593 294
42%
11 L'Odeur De L'Essence 28 758 034
42%
10 Gringe Ils Sont Cools 29 593 551
41%
14 Paradis 21 403 900
37%
20 Du Propre 6 174 123
36%
7 Suicide Social 39 298 174
36%
9 Si Seul 36 082 957
30%
16 RaelSan 12 875 734
27%
15 Changement 13 371 292
22%
17 La Peur de l'Échec 11 180 420
14%
13 Plus Rien Ne M'Étonne 24 085 093
14%
18 Dis Moi 8 654 855
7%
19 Discipline 7 991 098
5%
Aucun quiz correspondant
Distribution des résultats
% des personnes avec chaque résultat
Percentile par nombre de réponses
Votre historique - résultats
Vous n’avez pas pris ce quiz